000 00360nam a2200145Ia 4500
008 191201s2002 xx 000 0 und d
082 _a620.82
_bDAT
100 _aDALELA, Suresh
245 0 _aTextbook of Work Study and Ergonomics
250 _a5th
260 _aN.Delhi
_bStandard Publisher
_c2002
300 _a492
650 _aB.Tech(ME)
942 _2ddc
_cBK
999 _c1312
_d1312